[Event "Mitropa Cup 19th"]
[Site "Baden"]
[Date "1999.04.03"]
[Round "3"]
[White "Pavasovic, Dusko"]
[Black "Oral, Tomas"]
[Result "1-0"]
[WhiteElo "2502"]
[BlackElo "2521"]
[Annotator "Smirin"]
[PlyCount "97"]
[EventDate "1999.04.??"]
[EventType "team-tourn"]
[EventRounds "9"]
[EventCountry "SUI"]
[Source "ChessBase"]
[SourceDate "1999.08.01"]

1. e4 c5 2. Nf3 Nc6 3. Bb5 e6 4. O-O Nge7 5. c3 a6 6. Ba4 b5 7. Bc2 Bb7 8. Qe2
d5 (8... Ng6 9. d4 cxd4 10. cxd4 Nh4 11. Nbd2 Rc8 12. d5 Ne5 $5 (12... Na5 13.
Bd3 Ng6 14. g3 Be7 15. dxe6 dxe6 16. a4 $1 bxa4 17. Bxa6 $16 {[%csl Ra4,Ra5,
Rg6] Tkachiev,V-Ansell,S/London Lloyds 1994 1-0 (29)}) 13. Nd4 g5 $5 {[%csl
Ge5][%cal Gh4g6]} 14. a4 b4 15. N2b3 g4 (15... Nhg6 $5) 16. Rd1 Qc7 17. Kh1 Bg7
$13 {Tkachiev,V-San Segundo,P/ch-ESP Team, Ampuriabrava ESP 1997 1-0 (26)}) 9.
e5 {[%cal Gd2d4]} d4 (9... Qb6 10. Rd1 d4 11. Be4 Ng6 12. d3 Be7 13. cxd4 cxd4
14. Nbd2 O-O 15. Nb3 Rfd8 16. h4 $5 Qc7 (16... Nxh4 $2 17. Nxh4 Bxh4 18. Qh5
$18) 17. Bd2 $16 {[%cal Ga1c1]} Ngxe5 $2 18. Nxe5 Qxe5 19. Na5 $1 {[%cal Ye4h7,
Ga5c6,Re2e5]} Qc7 $8 20. Nxc6 Bxc6 21. Rac1 $18 {1-0 Tkachiev,V-Pinski,J/Open,
Geneva SUI 1997 (25)}) 10. Be4 Ng6 11. cxd4 cxd4 12. d3 Be7 13. Nbd2 O-O 14.
Nb3 Qb6 15. h4 Rfd8 ({Loosing a pawn} 15... a5 16. h5 a4 17. Bxc6 Bxc6 18.
Nbxd4 Nh8 19. Nxc6 Qxc6 20. Bg5 Bxg5 21. Nxg5 h6 22. Ne4 $16 {Tkachiev,
V-Cherniaev,A/Biel 1994/1-0 (68)}) 16. h5 Nf8 $8 (16... Nh4 $2 17. Nxh4 Bxh4
18. Qg4 Be7 19. Bh6 Bf8 (19... g6 20. hxg6 hxg6 21. Bxg6 Nxe5 22. Bh7+ Kxh7 23.
Qg7#) 20. Bxg7 Bxg7 21. h6 $18) 17. h6 g6 18. Bg5 $14 {[%csl Rc5,Rd6,Rf6]
Correct desision.Exchange of the darksquare bishops makes visible weakness of
dark squares in blacks position.} Bxg5 19. Nxg5 Nd7 20. f4 Ne7 21. Bxb7 Qxb7
22. Nd2 {[%cal Gd2e4,Ge4d6] Black is deprived of counterplay and white move by
move increases the pressure.} Qd5 23. Nde4 Nf5 24. g4 Ne3 25. Rfc1 Rac8 26. b4
$1 $16 {[%csl Gc5,Rd7] (.)} Rf8 27. Rab1 Rxc1+ 28. Rxc1 f6 $2 {an agony,but
what to do?} 29. exf6 Nxf6 30. Nxf6+ Rxf6 31. Rc8+ Rf8 {[%tqu "","","",Nxh7,"",
10]} 32. Nxh7 $1 $18 Rxc8 33. Nf6+ Kh8 34. Nxd5 exd5 35. Qe1 $1 {[%cal Ge1h4]}
Kh7 ({Nothing changes} 35... Nxg4 36. Qe7 Rc1+ 37. Kg2 Nxh6 38. Qf6+ Kh7 39.
Qxd4 Nf5 40. Qa7+ Kh6 41. Qxa6 $18) 36. Qh4 Rc2 37. Kh1 Rg2 38. Qe7+ Kxh6 39.
Qf8+ Kh7 40. g5 {[%csl Rg6][%cal Gf8h6] The rest of the game is matter of
technique.} Rf2 41. Qh6+ Kg8 42. Qxg6+ Kf8 43. Qf6+ Kg8 44. Qxa6 Rxf4 45. Qxb5
Kg7 46. Qb6 Rg4 47. Qh6+ Kf7 48. Qf6+ Kg8 49. g6 1-0

[Event "Mitropa Cup 19th"]
[Site "Baden"]
[Date "1999.04.03"]
[Round "3"]
[White "Weiss, Christian"]
[Black "Sax, Gyula"]
[Result "0-1"]
[WhiteElo "2444"]
[BlackElo "2524"]
[PlyCount "44"]
[EventDate "1999.04.??"]
[EventType "team-tourn"]
[EventRounds "9"]
[EventCountry "SUI"]
[Source "ChessBase"]
[SourceDate "1999.08.01"]

1. g3 d5 2. Bg2 e5 3. c4 d4 4. d3 g6 5. e4 dxe3 6. fxe3 Bg7 7. Ne2 Ne7 8. Nbc3
O-O 9. Qc2 Na6 10. a3 Nc5 11. Nd5 c6 12. Nxe7+ Qxe7 13. O-O Rd8 14. Rd1 Bg4 15.
h3 Bxe2 16. Qxe2 Nb3 17. Rb1 Bh6 18. Re1 Qd6 19. Bf1 e4 20. d4 Qxg3+ 21. Bg2
Bg7 22. Qd1 Nxc1 0-1

[Event "Mitropa Cup 19th"]
[Site "Baden"]
[Date "1999.04.04"]
[Round "4"]
[White "Arlandi, Ennio"]
[Black "Konopka, Michal"]
[Result "1/2-1/2"]
[WhiteElo "2445"]
[BlackElo "2480"]
[Annotator "Krasenkow,M"]
[PlyCount "94"]
[EventDate "1999.04.??"]
[EventType "team-tourn"]
[EventRounds "9"]
[EventCountry "SUI"]
[Source "ChessBase"]
[SourceDate "1999.08.01"]

1. d4 Nf6 2. c4 g6 3. Nc3 d5 4. cxd5 Nxd5 5. Bd2 Bg7 6. e4 Nb6 7. Be3 O-O 8.
Be2 Nc6 9. Nf3 Bg4 10. d5 Bxf3 11. gxf3 Na5 12. Bd4 Qd6 $1 {Black refrains
from ...e7-e5 or ...c7-c5, intending to play ...c7-c6 or ...e7-e6 later on.}
13. Bxg7 (13. Nb5 Qb4+ 14. Qd2 Qxd2+ 15. Kxd2 c6 16. Bxg7 Kxg7 17. dxc6 Nxc6
18. Rhd1 f5 19. Ke1 Rac8 20. Nd4 Kf6 21. a4 a5 22. Nxc6 Rxc6 23. b4 axb4 24.
Rdb1 Nc4 25. Rxb4 Nd6 26. exf5 gxf5 27. f4 Rg8 $11 {Shabtai,R-Jansa,V/Gausdal
Int 1995/1-0 (69)}) 13... Kxg7 {[%csl Re5,Rf4]} 14. Qd2 (14. Qd4+ e5 15. Qd3 c6
) (14. f4 $5 f6 (14... Qxf4 $2 15. Qd4+ e5 16. Qc5) (14... Qf6)) 14... Qf6 {
[%cal Ra5c4]} 15. b3 {[%csl Ra5]} Rfd8 {If Black manages to liberate his a5
knight (playing ...Nc6 or eliminating the d5 pawn by means of ...c6 or ...e6),
his position will be good in view of White's double f-pawns.} 16. Rc1 (16. Qe3
c6 17. Qc5 Nac4 $1) 16... e6 $1 (16... c6 $2 17. Nd1) 17. Nb5 Nc6 18. Nxc7 Rac8
19. Ne8+ $5 (19. Qc3 Qxc3+ 20. Rxc3 exd5 21. exd5 Nxd5 22. Nxd5 Rxd5 $15) 19...
Rxe8 20. dxc6 Rxc6 21. Rxc6 bxc6 22. O-O Rd8 $15 23. Qc1 e5 24. Rd1 Rxd1+ 25.
Qxd1 Qg5+ 26. Kf1 Qh4 27. Kg2 Qe7 28. Qc1 Qd6 29. Kg3 Nd7 30. Qd1 Qxd1 31. Bxd1
{Black has a small advantage in this endgame as thw white double f-pawns are
extremely weak. Still, it is not enough to win as the white bishop is able to
protect both sides.} Nf6 32. Kg2 (32. b4 $1) 32... Nh5 (32... c5 $5 $15) 33. b4
Nf4+ 34. Kf1 Ne6 35. Ke2 Kf6 36. Kd3 Ke7 37. Ba4 Kd6 38. Bb3 Nf4+ 39. Ke3 f6
40. Bc4 c5 41. a3 Kc6 42. Kd2 g5 43. Ke3 Kb6 44. Kd2 Ng6 45. Bf7 Nf8 46. Kc3
Nd7 47. Kc4 cxb4 1/2-1/2

[Event "Mitropa Cup 19th"]
[Site "Baden"]
[Date "1999.04.04"]
[Round "4"]
[White "Benitah, Yohan"]
[Black "Cvitan, Ognjen"]
[Result "0-1"]
[WhiteElo "2341"]
[BlackElo "2521"]
[Annotator "Wells,P"]
[PlyCount "112"]
[EventDate "1999.04.??"]
[EventType "team-tourn"]
[EventRounds "9"]
[EventCountry "SUI"]
[Source "ChessBase"]
[SourceDate "1999.08.01"]

1. d4 Nf6 2. c4 e6 3. Nc3 Bb4 4. e3 c5 5. Nge2 cxd4 6. exd4 O-O 7. a3 Be7 8. d5
exd5 9. cxd5 Re8 ({The ball also seems to be in white's court after} 9... Bc5 {
although maybe} 10. b4 $5 {will turn out to be critical there - see Sadler,M -
Topalov,V, Tilburg 1988. CBM 68 (Wells).}) 10. g3 (10. Be3 Ng4 11. Bd4 Nh6 $1 {
[%csl Rd4][%cal Gh6f5] was one of the most famous opening contributions of the
exceptionally fertile mind of the Hungarian Grandmaster Andras Adorjan. It is
still holding up well.}) ({Thus the most challenging alternative is the space
gaining} 10. d6 {a couple of examples:} Bf8 11. g3 b6 (11... Re6 {is the 'pawn
grab' line, which is tempting fewer and fewer black players.} 12. Bf4 Nh5 13.
Be3 Rxd6 14. Qc2 Nc6 15. Bg2 Re6 16. O-O d6 $6 17. Nd4 Nxd4 18. Bxd4 Nf6 19.
Rac1 $1 d5 20. Qb3 $44 {1/2-1/2 Yakovich,Y-Sturua,Z/Erevan op 1996/EXP 52/
[Chekhov] (71) is typical of the positions that there is little appetite to
play.}) 12. Bg2 Nc6 13. b4 $5 (13. O-O Ba6 14. Bf4 Rc8 15. Re1 Ne5 16. Qa4 Bc4
17. Red1 {1-0 Sadler,M-Nikolic,P/Monte Carlo 1998/EXP 63 (63)} Ng6 $5 $13)
13... Rb8 14. O-O g6 15. Bf4 Bb7 16. Nb5 Nh5 17. Nc7 Rxe2 $1 18. Qxe2 Nxf4 19.
gxf4 {1-0 Yakovich,Y-Tunik,G/Ekaterinburg 1997/EXP 57/ (60)} Bxd6 $5 $13) 10...
Bc5 11. b4 $6 {I do not like this move very much, and the course of the game
suggests that the b4 pawn merely presents something of a target.} (11. Na4 b6
$5 {[%cal Yc8a6,Ya6e2,Ye8e2] is also not too promising.}) ({The simple} 11. Bg2
{seems best,} d6 12. O-O (12. h3 $5) 12... a6 (12... Bg4 $5 $132) 13. Bf4 $146
(13. h3) 13... Bg4 $5 14. Qd2 Nbd7 15. b4 Ba7 16. Bxd6 Bxe2 $1 (16... Nb6 17.
Bc5 Nbxd5 18. Nxd5 Rxe2 19. Qg5 $1 $14 {[%csl Rg4]}) 17. Nxe2 Ng4 $1 18. Rac1 (
18. Bf4 $5 Qf6 19. Rad1 Nxf2 20. Rxf2 Bxf2+ 21. Kxf2 g5 22. d6 gxf4 23. Nxf4
$44 {-Dautov - apparently offers good compensation - all of white's pieces are
well-placed in addition to his strong passed pawn.}) 18... Ne3 $1 19. Rfe1 Nxg2
20. Kxg2 Nf6 $11 {Beliavsky,A-Movsesian,S/Polanica Zdroj 1996/Inf 67/
[Beliavsky,A] (20)}) 11... Bb6 12. Bg2 d6 13. h3 (13. O-O) 13... a5 $5 {This
is a logical treatment of such positions, although black has sometimes
contented himself with the more modest ...a6.} 14. b5 {[%csl Gc5][%cal Yb8d7,
Yd7c5]} ({White weakens his c5 square with reluctance, but if he permits the
exchange on b4, then he will find his opponent's pieces attack that pawn
naturally, while his own find the defence rather awkward.} 14. Bb2 axb4 15.
axb4 Rxa1 16. Bxa1 (16. Qxa1 Na6 17. Qa3 Bf5 18. O-O Bd3 $15) 16... Na6 17. Qb3
Bf5 {is very comfortable for black whose development is free and purposeful.})
(14. bxa5 {may be no worse than the text.}) 14... Nbd7 15. O-O Nc5 16. Nd4 Nfe4
17. Nxe4 Nxe4 18. Bb2 Qf6 {[%cal Yb6f2,Yf6b2]} 19. Qd3 Nc5 20. Qc2 Qg6 $1 {
[%csl Ya4,Yc4,Yd3][%cal Gc5d3,Gc5a4] I like this move very much. In short,
white's queen is the most effective defender of the light squares on the
queen-side which the bishop on g2 is ill-placed to defend, but black's knight
on c5 optimally placed to occupy. These squares will be severely weakened
whether the queens are exchanged, or, as here, white's queen side-dteps the
offer.} 21. Qd2 (21. Qxg6 hxg6 {[%cal Yc5d3,Yc5a4]}) 21... Bd7 $5 {A patient
move, while} (21... Na4 {is not as strong as it looks since the 'zwischenzug'}
22. Rae1 $1 {enables white to retain the bishop on the long diagonal after} Bd7
23. Ba1 {In any case, black does not really fear white preventing ...Na4 by
advancing his a-pawn, since then the pawn will itself be weak in turn.}) 22. a4
{[%csl Ra4]} Rac8 {[%csl Rb2,Rd2][%cal Gc5b3,Yd4b3,Yc8c2] A natural positional
move with a little tactical idea. Black intends to deflect white's knight from
the defence of c2.} 23. Ra3 (23. Rfe1 Rxe1+ 24. Qxe1 Nd3 25. Qe7 Ne5 $17 {
[%csl Rc4,Re7][%cal Ye5d3,Ye5c4,Yc8e8]}) 23... h5 24. Kh2 Re7 25. Qd1 Ne4 26.
Qd3 Rce8 27. Bc1 Qf6 28. Be3 Bc5 29. Rb3 Qg6 $6 {This is quite a serious
inaccuracy just as black has built up a powerful initiative. In the game,
black gets away with it, and afterthe players repeat moves, he hits on a
better plan.} 30. Bf4 $6 ({White has his chance here to put up a much stronger
fight with the simplifying tactic} 30. Ne6 $1 {[%csl Re4]} Nxg3 31. fxg3 Qxd3
32. Rxd3 Bxe3 33. Rxe3 fxe6 34. dxe6 Bxe6 35. Rd1 {[%csl Rb7,Rd6][%cal Yg2b7]
and black's weaknesses will make his advantage very difficult to convert.})
30... Qf6 31. Be3 h4 $1 {Since capturing on h4 hardly comes into serious
consideration white's next is forced by the treat to undermine white's key
bishop on e3 by 'dragging away' the f-pawn.} 32. g4 Ng3 $6 {Another strange
decision - it is possible black had some time-trouble, in which even great
blitz players can stumble!} ({Stronger is} 32... Bxd4 33. Bxd4 Qf4+ 34. Kh1 Nd2
35. Be3 Rxe3 36. fxe3 Qxa4 37. Ra3 Bxb5 38. Rxa4 (38. Qc3 Ne4) 38... Bxd3 {
[%csl Ya5,Yb7][%cal Yb7b5,Ya5a4,Yd2c4] and black's united passed pawns should
prove decisive.}) 33. fxg3 hxg3+ 34. Kh1 Rxe3 35. Qxe3 Rxe3 36. Rxf6 Rxb3 37.
Nxb3 gxf6 38. Nxa5 {The smoke clears, and it is clear that white is certainly
not worse.} b6 39. Nb3 (39. Nc6 $5 {[%csl Yc6]}) 39... Bf2 40. Be4 Kg7 41. Bf5
$5 {The right exchange in principal, and white wishes to fix black's doubled
f-pawns before he can play ...f5. This f5 pawn will prove weak, and} (41. Nd2
$5 {would have been more prudent, but white's plan of racing the h and b-pawns
is also dangerous.}) 41... Bxf5 42. gxf5 Kh6 43. a5 bxa5 44. Nxa5 Kg5 45. Nc4
Kxf5 46. Kg2 Ke4 47. h4 $1 (47. Nxd6+ Kxd5 48. Nxf7 f5 {should be just a draw.}
) 47... Kxd5 48. h5 f5 (48... Kxc4 $2 49. h6 f5 50. h7 Bd4 51. b6 $18) 49. h6
f4 50. b6 (50. h7 Bd4 51. Na5 $1 {[%csl Yc6]} Ke4 52. Nc6 $1 (52. b6 $2 Be5 $1
{[%cal Gf4f3] is a rude reminder that black does still have serious
counterchances.}) 52... Bc3 $1 53. b6 f3+ 54. Kxg3 Ke3 55. b7 f2 56. b8=Q f1=Q
57. Qa7+ Kd2 58. Qa2+ Ke3) 50... Kc6 51. Ne5+ $4 {A tragic oversight. I
suppose that white somehow missed the implications of black's 54...f5+. A
rather lucky full point for Cvitan, after he had jettisoned a fine opening
position.} (51. b7 Kxb7 52. Nxd6+ {would still be enough for the half point.})
51... dxe5 52. h7 f3+ $1 53. Kxf3 Bd4 54. Ke4 f5+ 55. Kxf5 e4 56. Kxe4 g2 0-1